000 00976nam a2200289Ia 4500
008 191130s2009##################000#0#eng##
020 _a9780763746216
022 _a2007050235
040 _aACL
_cACL
082 _a362.1068 ORT
100 _aOrton, Stephen Noyes
245 _aPublic health business planning : a practical guide
_cStephen N. Orton, Anne J. Menkens, Pamela Santos
260 _aBoston, MA
_bJones and Bartlett Publishers
_cc2009
300 _a362.1068p. ;23 cm
500 _aIncludes bibliographical references
650 _aBusiness planning
650 _aCommunity Health Planning - United States
650 _aCommunity health services - Planning
650 _aHealth Planning
650 _aMarketing of Health Services - United States
650 _aModels, Organizational - United States
700 _aMenkens, Anne J
700 _aSantos, Pamela
990 _ad01cce3eac10000c0a367a1bec5dd5ec
991 _a364459
999 _c47115
_d47115